|
|
|
|
| LEADER |
00000naa2a2200000 4500 |
| 001 |
399981 |
| 005 |
20231101065323.0 |
| 035 |
|
|
|a (RuTPU)RU\TPU\prd\41836
|
| 035 |
|
|
|a RU\TPU\prd\41835
|
| 090 |
|
|
|a 399981
|
| 100 |
|
|
|a 20060310a2005 k y0rusy50 ca
|
| 101 |
0 |
|
|a rus
|
| 102 |
|
|
|a RU
|
| 200 |
1 |
|
|a Библиотечный мир Москвы
|e Информационный сервис столицы глазами иностранца
|f В. Ратцек
|
| 225 |
1 |
|
|a Сотрудничество
|
| 320 |
|
|
|a Библиогр.: 14 назв.
|
| 461 |
|
0 |
|0 (RuTPU)RU\TPU\prd\12643
|t Библиотечное дело
|o ежемесячный журнал
|d 2003-
|
| 463 |
|
0 |
|0 (RuTPU)RU\TPU\prd\41729
|t № 12
|v С. 35-38
|d 2005
|
| 610 |
1 |
|
|a библиотеки
|
| 610 |
1 |
|
|a библиотечный мир
|
| 610 |
1 |
|
|a Москва
|
| 610 |
1 |
|
|a информационный сервис
|
| 700 |
|
1 |
|a Ратцек
|b В.
|g Вольфганг
|
| 801 |
|
1 |
|a RU
|b 63413507
|c 20060310
|g PSBO
|
| 801 |
|
2 |
|a RU
|b 63413507
|c 20060310
|g PSBO
|
| 942 |
|
|
|c BK
|